ბათუმის შოთა რუსთაველის სახელმწიფო უნივერსიტეტის ბიბლიოთეკა

Плодовый и ягодный сад. (ბიბ.ჩანაწერი № 45785)

000 -LEADER
fixed length control field 00682nam a2200229Ia 4500
001 - CONTROL NUMBER
control field 12613
003 - CONTROL NUMBER IDENTIFIER
control field GE_BSU
008 - FIXED-LENGTH DATA ELEMENTS--GENERAL INFORMATION
fixed length control field 181216s||||||||xx |||||||||||||| ||und||
040 ## - CATALOGING SOURCE
Transcribing agency GE_BSU
080 ## - UNIVERSAL DECIMAL CLASSIFICATION NUMBER
Universal Decimal Classification number 634.1
100 ## - MAIN ENTRY--PERSONAL NAME
Personal name Лаврик,П.И. Рыбицкий,Н.А.
245 ## - TITLE STATEMENT
Title Плодовый и ягодный сад.
245 ## - TITLE STATEMENT
Remainder of title Настольная книга садовода
245 ## - TITLE STATEMENT
Statement of responsibility, etc. Ред.М.М.Казанский
260 ## - PUBLICATION, DISTRIBUTION, ETC.
Place of publication, distribution, etc. Ленинград
260 ## - PUBLICATION, DISTRIBUTION, ETC.
Name of publisher, distributor, etc. Лениздат
260 ## - PUBLICATION, DISTRIBUTION, ETC.
Date of publication, distribution, etc. 1955
300 ## - PHYSICAL DESCRIPTION
Extent 275стр.21см.
300 ## - PHYSICAL DESCRIPTION
Accompanying material Таблицы.Приложенияс.265
653 ## - INDEX TERM--UNCONTROLLED
Uncontrolled term Плодовый и ягодный сад.
942 ## - ADDED ENTRY ELEMENTS (KOHA)
Koha item type წიგნი
ეგზემპლარები
Withdrawn status Lost status Damaged status Not for loan Date acquired Barcode Date last seen Price effective from Koha item type
        2018-12-17 20571 2018-12-17 2018-12-17 წიგნი